书目信息 |
| 书名: | Daily Candy A to Z | |
| 作者: | Daily Candy Editors | |
| 分册号: | ||
| 分册名: | 出版地: | NEW YORK |
|
| 出版社: | HarperCollins Publishers | |
| 出版时间: | 2008 | |
| 页数: | 212P | |
| 开本: | 24CM | |
| 丛书名: | ||
| 中图分类号: | ||
| 科图分类号: | ||
| 其他分类号: | B82 | |
| 主题词: | ||
| 电子资源: | ||
| 000 | 00439nam0 2200145 450 | |
| 001 | 202012001670 | |
| 005 | 20121113085252.0 | |
| 008 | 12111301s | |
| 020 | @a9780007242542@bHARD@c$12.99 | |
| 099 | @dB82@eD1333 | |
| 245 | 10 | @aDaily Candy A to Z@bAn Insider's Guide to the Sweet Life@cDaily Candy Editors |
| 260 | 0 | @aNEW YORK@bHarperCollins Publishers @c2008 |
| 300 | @a212P@c24CM | |
| 905 | @b11109 | |
| 905 | @aTSG@dB82@eD1333 | |
| Daily Candy A to Z : An Insider's Guide to the Sweet Life / Daily Candy Editors.-NEW YORK : HarperCollins Publishers , 2008 |
| 212P ; 24CM |
| ISBN 9780007242542HARD$12.99 |
| ● |
| 相关链接 |
|
|
|
正题名:Daily Candy A to Z
索取号:B82/D1333
 
预约/预借
| 序号 | 登录号 | 条形码 | 馆藏地/架位号 | 状态 | 备注 |